000 00353nam a2200145Ia 4500
008 230917s9999||||xx |||||||||||||| ||und||
040 _e204433
_aMAIN
041 _aEnglish
082 _a658.3 R454H
100 _aRiley, Pippa
245 0 _aHuman resource management
260 _aNew Delhi
_bViva Books
_c2011
300 _avii, 384 p.
942 _cBK
999 _c174351
_d174351